000 00530nam a2200181 4500
999 _c1658
_d1658
008 200128b ||||| |||| 00| 0 eng d
082 0 0 _a623.8722
_bF7911
100 _9804
_aFox, W. J.
245 1 0 _aMarine steam engines and turbines /
_cby W. J. Fox and S. C. McBirnie
250 _a3rd ed.
260 _aLondon
_bNewnes-Butterworths
_c1970
300 _aix, 630 p.
490 0 _aMarine Engineering Series
650 0 _aMarine Engines
650 0 _aMarine steam-turbines
700 _9805
_aMcBirnie, S. C.
942 _2ddc
_cBK